Văn học lãng mạn Việt Nam(1930-1945) Sách mở rộng và nâng cao kiến thức cho học sinh
Lịch sử phong trào thơ mới lãng mạn 1932-1945. Quan điểm mỹ học, mặt tích cực và tiến bộ của phong trào thơ mới. Nghệ thuật của phong trào thơ mới lãng mạn. Văn xuôi lãng mạn Việt Nam. Tự lực văn đoàn - con người và văn chương
Bewaard in:
| Hoofdauteur: | |
|---|---|
| Formaat: | Boek |
| Taal: | Vietnamese |
| Gepubliceerd in: |
H.
Giáo dục
1997
|
| Onderwerpen: | |
| Tags: |
Voeg label toe
Geen labels, Wees de eerste die dit record labelt!
|
| Thư viện lưu trữ: | Mạng thư viện Đại học Đà Nẵng |
|---|
| LEADER | 01525nam a22003858a 4500 | ||
|---|---|---|---|
| 001 | 000014437 | ||
| 003 | 10802 | ||
| 005 | 20120426150422.0 | ||
| 008 | 120426s1997 b 000 0 od | ||
| 020 | |c 23600đ |d 2000b | ||
| 041 | 0 | |a 9804 | |
| 041 | 0 | |a vie | |
| 080 | |a 8(V)1 | ||
| 082 | |a 895.92209 |b PH-Đ | ||
| 084 | |a V5(1)6-4 |b V115H | ||
| 100 | 1 | |a Phan Cự Đệ | |
| 245 | 1 | 0 | |a Văn học lãng mạn Việt Nam(1930-1945) |b Sách mở rộng và nâng cao kiến thức cho học sinh |c Phan Cự Đệ |
| 260 | |a H. |b Giáo dục |c 1997 | ||
| 300 | |a 471tr |c 21cm | ||
| 520 | |a Lịch sử phong trào thơ mới lãng mạn 1932-1945. Quan điểm mỹ học, mặt tích cực và tiến bộ của phong trào thơ mới. Nghệ thuật của phong trào thơ mới lãng mạn. Văn xuôi lãng mạn Việt Nam. Tự lực văn đoàn - con người và văn chương | ||
| 653 | |a văn học lãng mạn | ||
| 653 | |a Nghiên cứu văn học | ||
| 653 | |a Tự lực văn đoàn | ||
| 653 | |a Việt Nam | ||
| 653 | |a sách đọc thêm | ||
| OWN | |a LSP | ||
| AVA | |a UDN50 |b LSP |d 895.92209 PH-Đ |e available |t Error 5001 Not defined in file expand_doc_bib_avail. |f 4 |g 0 |h N |i 0 |k 1 | ||
| 999 | |a From the UDN01 | ||
| AVA | |a UDN50 |b LSP |d 895.92209 PH-Đ |e available |t Error 5001 Not defined in file expand_doc_bib_avail. |f 4 |g 0 |h N |i 0 |k 1 | ||
| TYP | |a Monograph | ||
| TYP | |a Printed language | ||
| 980 | |a Mạng thư viện Đại học Đà Nẵng | ||